U.S. Navy Ranks - Statistics

General Stats
  • This quiz has been taken 230 times
  • The average score is 11 of 27
Answer Stats
Paygrade Rank Name % Correct
O-10 Admiral
79%
E-3 Seaman
77%
O-6 Captain
71%
E-7 Chief Petty Officer
66%
O-3 Lieutenant
62%
E-2 Seaman Apprentice
58%
O-1 Ensign
55%
O-5 Commander
54%
O-8 Rear Admiral Upper Half
52%
E-1 Seaman Recruit
48%
E-9 Master Chief Petty Officer
47%
O-9 Vice Admiral
40%
O-7 Rear Admiral Lower Half
38%
O-4 Lieutenant Commander
36%
E-8 Senior Chief Petty Officer
31%
WO-1 Warrant Officer 1
31%
E-6 Petty Officer 1st Class
28%
E-5 Petty Officer 2nd Class
28%
CWO-2 Chief Warrant Officer 2
26%
E-4 Petty Officer 3rd Class
26%
CWO-3 Chief Warrant Officer 3
25%
O-2 Lieutenant Junior Grade
25%
CWO-4 Chief Warrant Officer 4
24%
CWO-5 Chief Warrant Officer 5
24%
E-9 Master Chief Petty Officer of the Navy
21%
E-9 Fleet/Force Master Chief Petty Officer
18%
E-9 Command Master Chief
13%
No matching quizzes found
Score Distribution
Percent of People with Each Score
Percentile by Number Answered
Your Score History
You have not taken this quiz